| 000 | 00667nam a22002057a 4500 | ||
|---|---|---|---|
| 003 | BD-DhUL | ||
| 005 | 20190506144421.0 | ||
| 008 | 190506s1996 ne a|||| b||| 00| 0 eng | ||
| 020 | _a9080235423 | ||
| 040 |
_aBD-DhUL _cBD-DhUL |
||
| 082 |
_a332.1 _bGAP |
||
| 110 | 1 | _aGafoor, A.L. M. Abdul . | |
| 245 | 0 |
_aParticipatory financing through investment banks and commercial banks/ _cA.L. M. Abdul Gafoor . |
|
| 260 |
_aBerkenlaan : _bApptec, _c1996. |
||
| 300 |
_axii, 98 p. : _bill. ; _c21 cm. |
||
| 504 | _aBibliography : p. [91]- [92] | ||
| 504 | _aIncludes index. | ||
| 650 | 0 |
_aBanks and Banking _x Religious aspects - Islam. |
|
| 942 |
_2ddc _cBK |
||
| 999 |
_c247996 _d247996 |
||